<?xml version="1.0" encoding="UTF-8"?>
<record
    xmlns:xsi="http://www.w3.org/2001/XMLSchema-instance"
    xsi:schemaLocation="http://www.loc.gov/MARC21/slim http://www.loc.gov/standards/marcxml/schema/MARC21slim.xsd"
    xmlns="http://www.loc.gov/MARC21/slim">

  <leader>00801nac a22002051u 4500</leader>
  <controlfield tag="008">100719t        sy|||||r|||| 000 0 ara d</controlfield>
  <datafield tag="082" ind1=" " ind2=" ">
    <subfield code="b">&#x642; &#x635; &#x64A;</subfield>
    <subfield code="a">100</subfield>
    <subfield code="2">22</subfield>
  </datafield>
  <datafield tag="100" ind1=" " ind2=" ">
    <subfield code="a">&#x627;&#x644;&#x642;&#x635;&#x64A;&#x645;&#x64A;&#x60C; &#x639;&#x628;&#x62F;&#x627;&#x644;&#x644;&#x647;</subfield>
    <subfield code="9">16398</subfield>
  </datafield>
  <datafield tag="245" ind1=" " ind2=" ">
    <subfield code="a">&#x627;&#x64A;&#x647;&#x627; &#x627;&#x644;&#x639;&#x642;&#x644; .. &#x645;&#x646; &#x631;&#x622;&#x643;/</subfield>
    <subfield code="c">&#x639;&#x628;&#x62F;&#x627;&#x644;&#x644;&#x647; &#x627;&#x644;&#x642;&#x635;&#x64A;&#x645;&#x64A;</subfield>
  </datafield>
  <datafield tag="250" ind1=" " ind2=" ">
    <subfield code="a">&#x60C;&#x637;2</subfield>
    <subfield code="b">&#x645;&#x648;&#x633;&#x639;&#x629;</subfield>
  </datafield>
  <datafield tag="260" ind1=" " ind2=" ">
    <subfield code="a">&#x628;&#x64A;&#x631;&#x648;&#x62A;:</subfield>
    <subfield code="b">&#x645;&#x637;&#x627;&#x628;&#x639; &#x62F;&#x627;&#x631; &#x627;&#x644;&#x63A;&#x62F;&#x60C;</subfield>
    <subfield code="c">1967</subfield>
  </datafield>
  <datafield tag="300" ind1=" " ind2=" ">
    <subfield code="a">477  &#x61B;&#x635;</subfield>
    <subfield code="c">24 &#x633;&#x645;</subfield>
  </datafield>
  <datafield tag="440" ind1=" " ind2=" ">
    <subfield code="9">16400</subfield>
  </datafield>
  <datafield tag="490" ind1=" " ind2=" ">
    <subfield code="9">16400</subfield>
    <subfield code="a">&#x61B;&#x627;&#x644;&#x639;&#x627;&#x644;&#x645; &#x644;&#x64A;&#x633; &#x639;&#x642;&#x644;&#x627;</subfield>
    <subfield code="n">3</subfield>
  </datafield>
  <datafield tag="511" ind1=" " ind2=" ">
    <subfield code="a">Catalogued by: Sara</subfield>
  </datafield>
  <datafield tag="541" ind1=" " ind2=" ">
    <subfield code="a">&#x627;&#x644;&#x641; &#x628;&#x627;&#x621;</subfield>
  </datafield>
  <datafield tag="650" ind1=" " ind2=" ">
    <subfield code="a">&#x627;&#x644;&#x641;&#x644;&#x633;&#x641;&#x629;</subfield>
    <subfield code="9">16209</subfield>
  </datafield>
  <datafield tag="942" ind1=" " ind2=" ">
    <subfield code="c">BB</subfield>
    <subfield code="k">100 &#x642; &#x635; &#x64A;</subfield>
    <subfield code="2">ddc</subfield>
  </datafield>
  <datafield tag="999" ind1=" " ind2=" ">
    <subfield code="c">6841</subfield>
    <subfield code="d">6841</subfield>
  </datafield>
  <datafield tag="952" ind1=" " ind2=" ">
    <subfield code="0">0</subfield>
    <subfield code="1">0</subfield>
    <subfield code="2">ddc</subfield>
    <subfield code="4">0</subfield>
    <subfield code="7">0</subfield>
    <subfield code="8">Alef-Baa</subfield>
    <subfield code="a">MAIN</subfield>
    <subfield code="b">MAIN</subfield>
    <subfield code="c">LOW</subfield>
    <subfield code="d">2007-12-09</subfield>
    <subfield code="e">purchase</subfield>
    <subfield code="o">100 &#x642; &#x635; &#x64A;</subfield>
    <subfield code="p">000008463</subfield>
    <subfield code="r">2025-07-15 00:00:00</subfield>
    <subfield code="y">BB</subfield>
  </datafield>
</record>
